Sports Quiz

Random Sports or MLB Quiz

Anything but the Yankees Quiz Stats

 Plays Quiz Updated Jul 3, 2017

Score 0/62 Timer 05:00
4 Plays Today
% Correct
New York Giants
89.5%
New York Mets
88.3%
New York Jets
85.7%
New York Rangers
81.1%
Baltimore Ravens
80.2%
New York Giants (1954)
77.5%
New York Knicks
76.4%
Baltimore Orioles (cap)
75.9%
New York Islanders
75.2%
Baltimore Orioles
74.3%
Cincinnati Reds (1990-92)
71.8%
New Jersey Devils
70.8%
Boston Celtics (17)
69.6%
Boston Celtics (bowler)
69.6%
Boston Red Sox (1914-1919)
69.2%
New England Patriots
67.8%
New England Patriots (tri-quarter patriot hat)
67.8%
Minneapolis-Los Angeles Lakers (16)
67.4%
St. Louis Cardinals (11)
64.3%
Chicago Cubs (2007-2010)
62.2%
Pittsburgh Pirates (1960)
62.1%
Brooklyn-Los Angeles Dodgers (1955,1959)
57.7%
Tampa Bay Devil Rays (2003-2005)
57.4%
Dallas Cowboys
56.9%
Montreal Canadiens (24)
55.5%
Washington Wizards (Baltimore Bullets)
53.8%
Seattle Mariners (1993-2002)
52.2%
New York Mets
47.2%
Milwaukee Braves (1957)
46.9%
Indianapolis (Baltimore) Colts
45.4%
Pittsburgh Pirates (bandanna)
40.9%
% Correct
Pittsburgh Steelers
40.2%
New Orleans Saints
40.1%
Detroit Red Wings (11)
39.4%
Cleveland Indians (feather)
36.6%
Toronto Maple Leafs (13)
36.1%
Boston Braves (1935)
36.1%
Philadelphia Phillies
36%
Cleveland Browns (helmet)
35.8%
New Orleans Pelicans
33.2%
Chicago Bulls
29.8%
Utah Jazz
28.8%
Tampa Bay Buccaneers
27.8%
Minnesota Vikings
26.8%
Washington Redskins (feathers)
26.6%
Buffalo Bills
24.5%
Los Angeles Angels (halo)
22.5%
Oakland Raiders (helmet)
22.1%
Minnesota Vikings (viking helmet)
22%
Miami Dolphins (helmet)
21.6%
Chicago Blackhawks (headdress)
21.5%
Philadelphia Eagles
20.2%
Los Angeles Kings (crown)
19.6%
Kansas City Royals (crown)
18.9%
Los Angeles Clippers
18.6%
Washington Wizards (pointed hat)
16%
Golden State Warriors
14.9%
Ottawa Senators (centurion helmet)
13.1%
Memphis Grizzlies
12.7%
Denver Nuggets
10.4%
Carolina Hurricanes
7.8%
Vegas Golden Knights (helmet)
3.8%

You're not logged in!

Compare scores with friends on all Sporcle quizzes.
Join for Free
OR
Log In

You Might Also Like...

Show Comments

Extras

Top Quizzes Today


Score Distribution

Your Account Isn't Verified!

In order to create a playlist on Sporcle, you need to verify the email address you used during registration. Go to your Sporcle Settings to finish the process.

Report this User

Report this user for behavior that violates our Community Guidelines.

Details: